[Event "Torquay Paignton Bloodworth op"]
[Site "Torquay"]
[Date "2018.09.07"]
[Round "6"]
[White "Pride, Stephen C"]
[Black "Gilbert, David J"]
[Result "1-0"]
[WhiteElo "138"]
[BlackElo "131"]
[PlyCount "59"]
[EventDate "2018.09.02"]
[EventType "swiss"]
[EventRounds "7"]
[EventCountry "ENG"]
[SourceTitle "CBM 187 Extra"]
[Source "ChessBase"]
[SourceDate "2018.11.04"]
[SourceVersion "1"]
[SourceVersionDate "2018.11.04"]
[SourceQuality "1"]

1. Nc3 c5 2. Nf3 Nc6 3. e3 g6 4. b3 Bg7 5. Bb2 d6 6. Bb5 Nf6 7. Nd5 0-0 8. Nxf6+ exf6 9. 0-0 Ne5 10. d4 Nd7 11. Qd2 f5 12. Rfe1 Nf6 13. c3 Ne4 14. Qc2 a6 15. Be2 Qe7 16. Rad1 Bd7 17. c4 b5 18. dxc5 dxc5 19. Bxg7 Kxg7 20. Qb2+ Kg8 21. Ne5 Rfd8 22. Nxd7 Rxd7 23. cxb5 Rad8 24. bxa6 Rd2 25. Rxd2 Rxd2 26. Qa3 Qd6 27. a7 Rxe2 28. a8Q+ Kg7 29. Qc1 Rxf2 30. Qxe4 1-0

[Event "Torquay Paignton Bloodworth op"]
[Site "Torquay"]
[Date "2018.09.02"]
[Round "1"]
[White "Gilbert, David J"]
[Black "Coward, Neil"]
[Result "1/2-1/2"]
[WhiteElo "131"]
[BlackElo "148"]
[PlyCount "67"]
[EventDate "2018.09.02"]
[EventType "swiss"]
[EventRounds "7"]
[EventCountry "ENG"]
[SourceTitle "CBM 187 Extra"]
[Source "ChessBase"]
[SourceDate "2018.11.04"]
[SourceVersion "1"]
[SourceVersionDate "2018.11.04"]
[SourceQuality "1"]

1. c4 c5 2. g3 g6 3. Bg2 Bg7 4. Nc3 Nf6 5. Nf3 0-0 6. 0-0 Nc6 7. a3 d6 8. Rb1 Bf5 9. d3 Rb8 10. b4 Ng4 11. Nd5 cxb4 12. axb4 Nge5 13. b5 Nxf3+ 14. Bxf3 Ne5 15. e4 Nxf3+ 16. Qxf3 Bh3 17. Rd1 h5 18. Qe3 b6 19. Bb2 e6 20. Bxg7 Kxg7 21. Nf4 Bg4 22. f3 e5 23. fxg4 exf4 24. Qxf4 hxg4 25. Qxg4 Qf6 26. Qf4 Qd4+ 27. Qf2 Qe5 28. Re1 Qe7 29. Qd4+ f6 30. Rf1 Rbd8 31. Rb2 Qe5 32. Qf2 f5 33. Ra2 Rd7 34. Qb2 1/2-1/2

[Event "BCF-ch U150 103rd"]
[Site "Bournemouth"]
[Date "2016.07.30"]
[Round "3.15"]
[White "Bullock, Lee"]
[Black "Gilbert, David J"]
[Result "1-0"]
[WhiteElo "1572"]
[BlackElo "1655"]
[PlyCount "123"]
[EventDate "2016.07.29"]
[EventType "swiss"]
[EventRounds "5"]
[EventCountry "ENG"]
[SourceTitle "EXT 2023"]
[Source "ChessBase"]
[SourceDate "2022.10.05"]
[SourceVersion "1"]
[SourceVersionDate "2022.10.05"]
[SourceQuality "1"]

1. e4 d5 2. d4 dxe4 3. Nc3 Nf6 4. Bg5 g6 5. f3 exf3 6. Nxf3 c6 7. Bc4 Bg7 8. 0-0 0-0 9. Qd2 Nbd7 10. a4 Nb6 11. Ba2 Nbd5 12. Nxd5 cxd5 13. Bh6 Bf5 14. Rae1 Rc8 15. c3 Qd7 16. Bxg7 Kxg7 17. b3 Ne4 18. Rxe4 Bxe4 19. Ng5 Bf5 20. Nf3 b5 21. Ne5 Qb7 22. Rxf5 f6 23. Nxg6 hxg6 24. Rf3 bxa4 25. b4 Rh8 26. Bb1 Qc7 27. Rg3 Rh6 28. Qd3 g5 29. Rh3 Rch8 30. Rg3 Qf4 31. h3 a3 32. Re3 Kf7 33. Qe2 Re8 34. Ba2 Qd6 35. Qf3 e6 36. Re5 Kg7 37. Re2 Qf4 38. Qxf4 gxf4 39. Bxd5 f5 40. Bc6 Rc8 41. b5 Kf6 42. Ra2 Rg8 43. Kf2 Rhg6 44. Rxa3 R8g7 45. c4 Rg3 46. Bf3 e5 47. Ra6+ Ke7 48. Rxa7+ Kd6 49. c5+ Ke6 50. Ra6+ Ke7 51. dxe5 R3g6 52. Rxg6 Rxg6 53. Ke2 Re6 54. Kd3 Rxe5 55. Kc4 Kd8 56. b6 Kc8 57. Kb5 Kb8 58. h4 Re1 59. Kc6 Re6+ 60. Kd7 Rh6 61. h5 Rh7+ 62. Ke6 1-0

[Event "BCF-ch Seniors 50 U150 /1750"]
[Site "Bournemouth"]
[Date "2016.07.29"]
[Round "5"]
[White "Allen, Timothy S"]
[Black "Gilbert, David J"]
[Result "0-1"]
[WhiteElo "1518"]
[BlackElo "1655"]
[PlyCount "60"]
[EventDate "2016.07.25"]
[EventType "swiss"]
[EventRounds "5"]
[EventCountry "ENG"]
[SourceTitle "EXT 2019"]
[Source "ChessBase"]
[SourceDate "2018.10.10"]
[SourceVersion "1"]
[SourceVersionDate "2018.10.10"]
[SourceQuality "1"]

1. e4 d5 2. d4 dxe4 3. Nc3 Nf6 4. f3 exf3 5. Qxf3 c6 6. Be3 g6 7. Bc4 Bg7 8. Nge2 0-0 9. 0-0 Bg4 10. Qf2 Bxe2 11. Qxe2 Nbd7 12. Rad1 b5 13. Bb3 b4 14. Na4 Nd5 15. Bg5 Qa5 16. Qd3 N5f6 17. Bd2 Qb5 18. c4 bxc3 19. Qxc3 Nd5 20. Bxd5 cxd5 21. Nc5 Nxc5 22. Qxc5 Qxc5 23. dxc5 Bxb2 24. Bb4 Rfb8 25. a3 a5 26. Rf2 axb4 27. Rxb2 bxa3 28. Ra2 Rb2 29. Rda1 Rxa2 30. Rxa2 Ra6 0-1

[Event "BCF-ch Soanes op"]
[Site "Coventry"]
[Date "2015.08.02"]
[Round "4"]
[White "Gilbert, David J"]
[Black "Williams, Stephen"]
[Result "1-0"]
[WhiteElo "1673"]
[BlackElo "1750"]
[PlyCount "95"]
[EventDate "2015.07.31"]
[EventType "swiss"]
[EventRounds "5"]
[EventCountry "ENG"]
[SourceTitle "CBM 167 Extra"]
[Source "ChessBase"]
[SourceDate "2015.09.14"]
[SourceVersion "1"]
[SourceVersionDate "2015.09.14"]
[SourceQuality "1"]

1. Nf3 Nf6 2. g3 Nc6 3. c4 e5 4. d3 Bc5 5. Bg2 d6 6. 0-0 0-0 7. Nc3 Rb8 8. a3 a6 9. e3 Re8 10. b4 Ba7 11. b5 Ne7 12. a4 h6 13. Ba3 Bf5 14. Qd2 Qd7 15. Rfb1 Ng6 16. a5 Bc5 17. Bxc5 dxc5 18. e4 Be6 19. Nd5 Bxd5 20. exd5 e4 21. Ne1 axb5 22. Rxb5 c6 23. dxc6 bxc6 24. Rb6 Ne5 25. Rab1 Rxb6 26. axb6 Nxc4 27. Qf4 Nd6 28. Bh3 Qe7 29. dxe4 Nfxe4 30. Nd3 Ng5 31. Bg2 Nb7 32. Re1 Qd8 33. Rxe8+ Qxe8 34. Qc7 c4 35. Bxc6 Qd8 36. Qxb7 Qxd3 37. Qc8+ Kh7 38. b7 Nf3+ 39. Bxf3 Qxf3 40. b8Q Qd1+ 41. Kg2 Qd5+ 42. f3 Qd2+ 43. Kh3 Qd3 44. Qg8+ Kg6 45. Qb6+ f6 46. Qe8+ Kg5 47. Qc5+ f5 48. Qee3+ 1-0

[Event "BCF-ch Seniors 50 U150"]
[Site "Coventry"]
[Date "2015.07.30"]
[Round "4"]
[White "Hewitt, Gary J"]
[Black "Gilbert, David J"]
[Result "0-1"]
[WhiteElo "142"]
[BlackElo "1673"]
[PlyCount "74"]
[EventDate "2015.07.27"]
[EventType "swiss"]
[EventRounds "5"]
[EventCountry "ENG"]
[SourceTitle "CBM 167 Extra"]
[Source "ChessBase"]
[SourceDate "2015.09.14"]
[SourceVersion "1"]
[SourceVersionDate "2015.09.14"]
[SourceQuality "1"]

1. d4 Nf6 2. c4 g6 3. Nf3 Bg7 4. g3 0-0 5. Bg2 d5 6. cxd5 Nxd5 7. e4 Nb6 8. Nc3 c5 9. Be3 Nc4 10. Qb3 Nxe3 11. fxe3 cxd4 12. exd4 Nc6 13. d5 Nd4 14. Nxd4 Bxd4 15. 0-0-0 Qb6 16. Qxb6 Bxb6 17. d6 Bg4 18. dxe7 Rfe8 19. Rd3 Rxe7 20. Nd5 Rc8+ 21. Kb1 Re6 22. h3 Be2 23. Rd2 Bc4 24. Rc1 Bxa2+ 25. Kxa2 Rxc1 26. Bf3 Kg7 27. Re2 Bd8 28. e5 Ra6+ 29. Kb3 Raa1 30. Nc3 Re1 31. Rd2 Ba5 32. Rd5 Bxc3 33. bxc3 Re3 34. Bg4 Rc1 35. e6 fxe6 36. Rd7+ Kf6 37. Rxb7 Rb1+ 0-1

[Event "BCF-ch U140"]
[Site "Coventry"]
[Date "2015.07.29"]
[Round "3"]
[White "Gilbert, David J"]
[Black "Crockett, Stephen J"]
[Result "1-0"]
[WhiteElo "1673"]
[BlackElo "1511"]
[PlyCount "61"]
[EventDate "2015.07.27"]
[EventType "swiss"]
[EventRounds "5"]
[EventCountry "ENG"]
[SourceTitle "EXT 2016"]
[Source "ChessBase"]
[SourceDate "2015.10.08"]
[SourceVersion "1"]
[SourceVersionDate "2015.10.08"]
[SourceQuality "1"]

1. c4 g6 2. g3 Bg7 3. Bg2 c5 4. Nc3 Nc6 5. Nf3 Nf6 6. 0-0 0-0 7. a3 d5 8. cxd5 Nxd5 9. Nxd5 Qxd5 10. d3 Qd7 11. Rb1 a5 12. b3 b6 13. Bb2 Bb7 14. Bxg7 Kxg7 15. Qd2 Rad8 16. Rfd1 f6 17. e3 e5 18. Qc2 Qc7 19. Nd2 f5 20. Rbc1 Nb8 21. Bxb7 Qxb7 22. Nc4 Rd5 23. Nxe5 Kh6 24. d4 Nd7 25. Nxd7 Rxd7 26. dxc5 Rxd1+ 27. Qxd1 bxc5 28. Rxc5 Qb6 29. Rc4 Rd8 30. Rh4+ Kg7 31. Rd4 1-0

[Event "BCF-ch Seniors 50 U150"]
[Site "Coventry"]
[Date "2015.07.29"]
[Round "3"]
[White "Gilbert, David J"]
[Black "Rowles, Sarah"]
[Result "1-0"]
[WhiteElo "1673"]
[BlackElo "100"]
[PlyCount "75"]
[EventDate "2015.07.27"]
[EventType "swiss"]
[EventRounds "5"]
[EventCountry "ENG"]
[SourceTitle "CBM 167 Extra"]
[Source "ChessBase"]
[SourceDate "2015.09.14"]
[SourceVersion "1"]
[SourceVersionDate "2015.09.14"]
[SourceQuality "1"]

1. c4 e6 2. Nc3 d5 3. cxd5 exd5 4. d4 c6 5. Nf3 Nf6 6. Bg5 Be7 7. e3 0-0 8. Bd3 Qb6 9. Qc2 Nbd7 10. Bxh7+ Kh8 11. Bd3 Re8 12. h4 Nf8 13. 0-0-0 Bg4 14. Rdg1 Bh5 15. Ne5 Qc7 16. Bxf6 Bxf6 17. Nxd5 Qd6 18. Nxf6 Qxf6 19. g4 Bg6 20. g5 Qe6 21. h5 Bxd3 22. Qxd3 Nh7 23. Nxf7+ Kg8 24. Qb3 Qxb3 25. axb3 Re6 26. Ne5 Rf8 27. f4 Rf5 28. Kd2 Rd6 29. b4 Kf8 30. Kd3 Ke8 31. h6 g6 32. Rc1 a6 33. Rc5 Kd8 34. Nc4 Re6 35. Rxf5 gxf5 36. Ne5 Ke8 37. g6 Nf6 38. h7 1-0

[Event "BCF-ch U140"]
[Site "Aberystwyth"]
[Date "2014.07.23"]
[Round "3"]
[White "Lutchman Singh, Karanvir"]
[Black "Gilbert, David J"]
[Result "0-1"]
[WhiteElo "117"]
[BlackElo "138"]
[PlyCount "70"]
[EventDate "2014.07.21"]
[EventType "swiss"]
[EventRounds "5"]
[EventCountry "WLS"]
[SourceTitle "EXT 2017"]
[Source "ChessBase"]
[SourceDate "2016.10.25"]
[SourceVersion "1"]
[SourceVersionDate "2016.10.25"]
[SourceQuality "1"]

1. e4 d5 2. exd5 Qxd5 3. Nf3 Nf6 4. Be2 Bf5 5. 0-0 c6 6. d4 Nbd7 7. c4 Qa5 8. Nc3 e6 9. Bf4 Be7 10. a3 0-0 11. Nh4 Ne4 12. Nxf5 Qxf5 13. Nxe4 Qxf4 14. g3 Qc7 15. Bd3 Nf6 16. Ng5 h6 17. Nf3 Rad8 18. Qc2 c5 19. Rad1 cxd4 20. Nxd4 Rxd4 21. Bh7+ Nxh7 22. Rxd4 Ng5 23. Rd3 Qc6 24. h4 Nf3+ 25. Rxf3 Qxf3 26. Rd1 Rd8 27. Rxd8+ Bxd8 28. Qd2 Bb6 29. Qc2 Qxg3+ 30. Kf1 Qxh4 31. c5 Qh1+ 32. Ke2 Qh5+ 33. Kf1 Qxc5 34. Qd2 Qxf2+ 35. Qxf2 Bxf2 0-1

[Event "London e2e4 Diamond Jubilee op-B"]
[Site "London"]
[Date "2012.06.05"]
[Round "6"]
[White "Dyrhaug, Sverre S"]
[Black "Gilbert, David J"]
[Result "1-0"]
[WhiteElo "1579"]
[BlackElo "1761"]
[PlyCount "81"]
[EventDate "2012.06.02"]
[EventType "swiss"]
[EventRounds "7"]
[EventCountry "ENG"]
[SourceTitle "EXT 2014"]
[Source "ChessBase"]
[SourceDate "2013.11.20"]
[SourceVersion "1"]
[SourceVersionDate "2013.11.20"]
[SourceQuality "1"]

1. e4 d5 2. exd5 Qxd5 3. Nc3 Qd6 4. d4 Nf6 5. Nf3 c6 6. g3 Bg4 7. Bg2 e6 8. a3 Qc7 9. b4 Nbd7 10. 0-0 Be7 11. Bf4 Bd6 12. Bxd6 Qxd6 13. Qd3 0-0 14. Rfe1 Bf5 15. Qe2 Rac8 16. Rad1 Nb6 17. Ne5 Nbd5 18. Nxd5 cxd5 19. c4 dxc4 20. Nxc4 Qa6 21. Na5 Qxe2 22. Rxe2 b6 23. Nc6 Rc7 24. d5 exd5 25. Ne7+ Rxe7 26. Rxe7 Ra8 27. Bxd5 Nxd5 28. Rxd5 Be6 29. Rd4 Kf8 30. Rb7 h6 31. b5 Ke8 32. Ra4 Rc8 33. Rbxa7 Bd5 34. f4 Rc1+ 35. Kf2 Rc2+ 36. Ke1 Rxh2 37. Rd4 Be6 38. Rd6 Rb2 39. Rxb6 Rc2 40. Rb8+ Bc8 41. b6 1-0